000 00977nas a2200337 4500
001 BR0401752
003 BR-BrBNA
005 20231205104508.0
007 ta
008 230509b bl.|||p| |||| 00| 00por d
040 _aBR-BrBNA
_bpor
_cBiblioteca Nacional de Agricultura
041 _a(Pt)
072 _aP33
100 1 _aAndrade, F.V.
100 1 _aMendonça, E.S.
100 1 _aAlvarez, V.H.V.
100 1 _aNovais, R.F.
245 1 _aAdição de ácidos orgânicos e húmicos em latossolos e adsorção de fosfato
650 _aLATOSSOLO
650 _aMATÉRIA ORGÂNICA
650 _aFOSFATO
650 _aÁCIDO ORGÂNICO
650 _aFÓSFORO
650 _aADSORÇÃO
650 _aDOSE
650 _aADUBAÇÃO
650 _aQUÍMICA DO SOLO
773 0 _tRevista Brasileira de Ciência do Solo (Brazil)
_xISSN 0100-0683
_g(Nov-Dec 2003), v. 27(6) p. 1003-1011
_wBR0401752
909 _a202311
_bLúcia
_c55
_dLúcia Elande
942 _2AGRIS
_n0
_cANA
999 _c178398
_d178398